<The> Functioning of an EU Member State Before the Impact of the Coronavirus on Its Economy

Fungovanie členského štátu Európskej únie, Fínska (Fínskej republiky), so zameraním na obdobie po vstupe do EÚ a pred krízou v dôsledku pandémie ochorenia COVID‑19 spôsobeného novým koronavírusom. Ekonomické postavenie, v ktorom krajina prosperuje a vyniká. Pripojenie k eurozóne po 4 rokoch členstva...

Descripción completa

Guardado en:
Detalles Bibliográficos
Autor principal: Kováč, Ondrej, 1957-
Otros Autores: Potoma, Radoslav, 1992-
Formato: Capítulo de libro
Lenguaje:inglés
Materias:
Etiquetas: Agregar Etiqueta
Sin Etiquetas, Sea el primero en etiquetar este registro!

MARC

LEADER 00000naa$a2200000$$$4500
001 0272803
005 20240502074313.0
041 0 |a eng 
044 |a SK 
245 1 0 |a <The> Functioning of an EU Member State Before the Impact of the Coronavirus on Its Economy  |c Ondrej Kováč, Radoslav Potoma 
520 |a Fungovanie členského štátu Európskej únie, Fínska (Fínskej republiky), so zameraním na obdobie po vstupe do EÚ a pred krízou v dôsledku pandémie ochorenia COVID‑19 spôsobeného novým koronavírusom. Ekonomické postavenie, v ktorom krajina prosperuje a vyniká. Pripojenie k eurozóne po 4 rokoch členstva v EÚ. Makroekonomické ukazovatele Fínska počas sledovaného obdobia. Medzinárodný a zahraničný obchod. 
610 2 0 |a Fínsko 
610 2 0 |a vývoj hospodársky 
610 2 0 |a ukazovatele makroekonomické 
610 2 0 |a obchod medzinárodný 
610 2 0 |a obchod zahraničný 
610 2 0 |a eurozóna 
610 2 0 |a Európska únia 
100 1 |a Kováč, Ondrej, 1957- 
700 1 |a Potoma, Radoslav, 1992-